[Event "Stay Safe Play From Home 330"]
[Site "Mustafa Kemal Atatürk"]
[Date "2020.07.24"]
[Round "4"]
[White "Ionelluca"]
[Black "Lazieri3"]
[Result "0-1"]
[WhiteElo "1999"]
[BlackElo "2054"]
[PlyCount "108"]
[EventDate "2020.07.24"]
[EventType "swiss (blitz)"]

1. c4 {[%emt 0:00:01]} c6 {[%emt 0:00:00]} 2. g3 {[%emt 0:00:01]} d5 {[%emt 0:00:00]} 3. Bg2 {[%emt 0:00:01]} Nf6 {[%emt 0:00:01]} 4. Nf3 {[%emt 0:00:01]} Bf5 {[%emt 0:00:02]} 5. b3 {[%emt 0:00:04]} e6 {[%emt 0:00:01]} 6. Bb2 {[%emt 0:00:01]} h6 {[%emt 0:00:02]} 7. O-O {[%emt 0:00:01]} Be7 {[%emt 0:00:03]} 8. d3 {[%emt 0:00:01]} O-O {[%emt 0:00:01]} 9. Nbd2 {[%emt 0:00:01]} Nbd7 {[%emt 0:00:02]} 10. Re1 {[%emt 0:00:01]} Bb4 {[%emt 0:00:03]} 11. a3 {[%emt 0:00:02]} Ba5 {[%emt 0:00:01]} 12. b4 {[%emt 0:00:01]} Bc7 {[%emt 0:00:03]} 13. e4 {[%emt 0:00:02]} dxe4 {[%emt 0:00:01]} 14. dxe4 {[%emt 0:00:01]} Bh7 {[%emt 0:00:02]} 15. Qe2 {[%emt 0:00:08]} Qe7 {[%emt 0:00:01]} 16. Rad1 {[%emt 0:00:06]} Rfd8 {[%emt 0:00:01]} 17. h3 {[%emt 0:00:05]} Ne8 {[%emt 0:00:06]} 18. e5 {[%emt 0:00:06]} Nf8 {[%emt 0:00:02]} 19. Ne4 {[%emt 0:00:04]} Rxd1 {[%emt 0:00:01]} 20. Rxd1 {[%emt 0:00:01]} Rd8 {[%emt 0:00:00]} 21. Rxd8 {[%emt 0:00:03]} Qxd8 {[%emt 0:00:00]} 22. Nc5 {[%emt 0:00:09]} b6 {[%emt 0:00:09]} 23. Na6 {[%emt 0:00:01]} Bd3 {[%emt 0:00:16]} 24. Qe1 {[%emt 0:00:12]} Bxc4 {[%emt 0:00:03]} 25. Nxc7 {[%emt 0:00:01]} Nxc7 {[%emt 0:00:05]} 26. Nd4 {[%emt 0:00:05]} c5 {[%emt 0:00:12]} 27. bxc5 {[%emt 0:00:04]} bxc5 {[%emt 0:00:00]} 28. Nc6 {[%emt 0:00:03]} Qd3 {[%emt 0:00:23]} 29. Nxa7 {[%emt 0:00:28]} Nd5 {[%emt 0:00:12]} 30. Bf1 {[%emt 0:00:10]} Qb3 {[%emt 0:00:19]} 31. Bc1 {[%emt 0:00:10]} Bxf1 {[%emt 0:00:30]} 32. Qxf1 {[%emt 0:00:09]} Nd7 {[%emt 0:00:19]} 33. Nc6 {[%emt 0:00:02]} Qb6 {[%emt 0:00:19]} 34. Nb4 {[%emt 0:00:25]} cxb4 {[%emt 0:00:03]} 35. axb4 {[%emt 0:00:01]} Qxb4 {[%emt 0:00:04]} 36. Kg2 {[%emt 0:00:22]} Qe4+ {[%emt 0:00:04]} 37. f3 {[%emt 0:00:03]} Qxe5 {[%emt 0:00:05]} 38. Qf2 {[%emt 0:00:02]} Qc3 {[%emt 0:00:05]} 39. Bd2 {[%emt 0:00:03]} Qd3 {[%emt 0:00:03]} 40. h4 {[%emt 0:00:02]} Ne5 {[%emt 0:00:02]} 41. Bf4 {[%emt 0:00:04]} Nxf4+ {[%emt 0:00:01]} 42. gxf4 {[%emt 0:00:01]} Ng6 {[%emt 0:00:01]} 43. Kg3 {[%emt 0:00:01]} Qf5 {[%emt 0:00:01]} 44. Qe3 {[%emt 0:00:02]} Qh5 {[%emt 0:00:02]} 45. Qa7 {[%emt 0:00:11]} Qxh4+ {[%emt 0:00:02]} 46. Kg2 {[%emt 0:00:01]} Nxf4+ {[%emt 0:00:03]} 47. Kf1 {[%emt 0:00:01]} Qh2 {[%emt 0:00:03]} 48. Qa8+ {[%emt 0:00:06]} Kh7 {[%emt 0:00:02]} 49. Qe4+ {[%emt 0:00:04]} f5 {[%emt 0:00:01]} 50. Qe5 {[%emt 0:00:02]} Qg2+ {[%emt 0:00:04]} 51. Ke1 {[%emt 0:00:01]} Nd3+ {[%emt 0:00:01]} 52. Kd1 {[%emt 0:00:01]} Nxe5 {[%emt 0:00:01]} 53. f4 {[%emt 0:00:00]} h5 {[%emt 0:00:04]} 54. fxe5 {[%emt 0:00:02]} h4 {[%emt 0:00:00] Ionelluca resigns (Lag: Av=0.82s, max=1.4s)} 0-1

[Event "Stay Safe Play From Home 330"]
[Site "Mustafa Kemal Atatürk"]
[Date "2020.07.24"]
[Round "4"]
[White "Schachwerk_64"]
[Black "Edmatuag"]
[Result "1-0"]
[WhiteElo "1871"]
[BlackElo "1823"]
[Annotator "NA"]
[PlyCount "49"]
[EventDate "2020.07.24"]
[EventType "swiss (blitz)"]

1. e4 {[%emt 0:00:02]} c5 {[%emt 0:00:03]} 2. Nf3 {[%emt 0:00:02]} d6 {[%emt 0:00:01]} 3. Bb5+ {[%emt 0:00:02]} Nc6 {[%emt 0:00:02]} 4. Bxc6+ {[%emt 0:00:02]} bxc6 {[%emt 0:00:01]} 5. e5 {[%emt 0:00:18]} dxe5 {[%emt 0:00:15]} 6. Nc3 {[%emt 0:00:01]} Bg4 {[%emt 0:00:18]} 7. h3 {[%emt 0:00:01]} Bxf3 {[%emt 0:00:12]} 8. Qxf3 {[%emt 0:00:00]} Qd6 {[%emt 0:00:03]} 9. Nb5 {[%emt 0:00:10]} Qd7 {[%emt 0:00:14]} 10. O-O {[%emt 0:00:02]} Nf6 {[%emt 0:00:06]} 11. Nc3 {[%emt 0:00:13]} e6 {[%emt 0:00:08]} 12. Re1 {[%emt 0:00:01]} Bd6 {[%emt 0:00:02]} 13. d3 {[%emt 0:00:05]} O-O {[%emt 0:00:03]} 14. Bg5 {[%emt 0:00:12]} Nd5 {[%emt 0:00:01]} 15. Ne4 {[%emt 0:00:41]} f5 {[%emt 0:00:03]} 16. Ng3 {[%emt 0:00:23]} h6 {[%emt 0:00:46]} 17. Bd2 {[%emt 0:00:07]} Nf6 {[%emt 0:00:08]} 18. Bc3 {[%emt 0:00:04]} e4 {[%emt 0:00:13]} 19. dxe4 {[%emt 0:00:03]} Bxg3 {[%emt 0:00:01]} 20. Qxg3 {[%emt 0:00:21]} Nxe4 {[%emt 0:00:04]} 21. Rad1 {[%emt 0:00:20]} Qf7 {[%emt 0:00:18]} 22. Qe5 {[%emt 0:00:09]} Rfd8 {[%emt 0:00:10]} 23. Ba5 {[%emt 0:00:10]} Rd5 {[%emt 0:00:05]} 24. Rxd5 {[%emt 0:00:12]} cxd5 {[%emt 0:00:00]} 25. f3 {[%emt 0:00:01] Time (Lag: Av=0.55s, max=0.8s)} 1-0

[Event "Stay Safe Play From Home 330"]
[Site "Mustafa Kemal Atatürk"]
[Date "2020.07.24"]
[Round "4"]
[White "W Nelles"]
[Black "Timbre"]
[Result "0-1"]
[WhiteElo "1373"]
[BlackElo "1639"]
[Annotator "NA"]
[PlyCount "114"]
[EventDate "2020.07.24"]
[EventType "swiss (blitz)"]

1. e4 {[%emt 0:00:05]} c6 {[%emt 0:00:02]} 2. Nf3 {[%emt 0:00:02]} d5 {[%emt 0:00:01]} 3. exd5 {[%emt 0:00:02]} cxd5 {[%emt 0:00:01]} 4. c4 {[%emt 0:00:02]} e6 {[%emt 0:00:04]} 5. cxd5 {[%emt 0:00:03]} Qxd5 {[%emt 0:00:02]} 6. Qc2 {[%emt 0:00:05]} Nc6 {[%emt 0:00:04]} 7. Bc4 {[%emt 0:00:01]} Qd8 {[%emt 0:00:06]} 8. O-O {[%emt 0:00:02]} Nf6 {[%emt 0:00:02]} 9. b3 {[%emt 0:00:04]} Be7 {[%emt 0:00:02]} 10. Bb2 {[%emt 0:00:01]} O-O {[%emt 0:00:04]} 11. Ng5 {[%emt 0:00:04]} h6 {[%emt 0:00:05]} 12. Bxf6 {[%emt 0:00:02]} hxg5 {[%emt 0:00:01]} 13. Bxe7 {[%emt 0:00:02]} Qxe7 {[%emt 0:00:02]} 14. d3 {[%emt 0:00:04]} a6 {[%emt 0:00:05]} 15. Nd2 {[%emt 0:00:02]} Nd4 {[%emt 0:00:05]} 16. Qd1 {[%emt 0:00:02]} b5 {[%emt 0:00:03]} 17. Re1 {[%emt 0:00:09]} bxc4 {[%emt 0:00:02]} 18. Nxc4 {[%emt 0:00:01]} Nf5 {[%emt 0:00:04]} 19. Nb6 {[%emt 0:00:07]} Rb8 {[%emt 0:00:03]} 20. Nxc8 {[%emt 0:00:02]} Rbxc8 {[%emt 0:00:03]} 21. Rc1 {[%emt 0:00:03]} Rcd8 {[%emt 0:00:02]} 22. Rc3 {[%emt 0:00:04]} Qa3 {[%emt 0:00:07]} 23. Rc7 {[%emt 0:00:05]} Qxa2 {[%emt 0:00:05]} 24. Qf3 {[%emt 0:00:03]} Qxb3 {[%emt 0:00:05]} 25. Qh3 {[%emt 0:00:03]} Rxd3 {[%emt 0:00:07]} 26. Qg4 {[%emt 0:00:04]} Qd5 {[%emt 0:00:07]} 27. Qxg5 {[%emt 0:00:04]} Rd1 {[%emt 0:00:02]} 28. Rc1 {[%emt 0:00:05]} Rxe1+ {[%emt 0:00:08]} 29. Rxe1 {[%emt 0:00:02]} a5 {[%emt 0:00:07]} 30. h4 {[%emt 0:00:02]} a4 {[%emt 0:00:03]} 31. h5 {[%emt 0:00:01]} Nh6 {[%emt 0:00:03]} 32. Qxd5 {[%emt 0:00:04]} exd5 {[%emt 0:00:02]} 33. Ra1 {[%emt 0:00:01]} Ra8 {[%emt 0:00:01]} 34. f3 {[%emt 0:00:02]} Nf5 {[%emt 0:00:03]} 35. g4 {[%emt 0:00:01]} Nd6 {[%emt 0:00:05]} 36. Kf2 {[%emt 0:00:01]} d4 {[%emt 0:00:01]} 37. Ke2 {[%emt 0:00:02]} Nc4 {[%emt 0:00:03]} 38. Kd3 {[%emt 0:00:02]} Ne5+ {[%emt 0:00:03]} 39. Kxd4 {[%emt 0:00:02]} Nxf3+ {[%emt 0:00:01]} 40. Ke4 {[%emt 0:00:01]} Ng5+ {[%emt 0:00:01]} 41. Kf4 {[%emt 0:00:03]} f6 {[%emt 0:00:01]} 42. Ra3 {[%emt 0:00:03]} Ra5 {[%emt 0:00:03]} 43. Kg3 {[%emt 0:00:05]} Kf7 {[%emt 0:00:04]} 44. Kf4 {[%emt 0:00:01]} Ne6+ {[%emt 0:00:02]} 45. Ke4 {[%emt 0:00:01]} Nc5+ {[%emt 0:00:06]} 46. Kf3 {[%emt 0:00:01]} Ne6 {[%emt 0:00:04]} 47. Kg3 {[%emt 0:00:02]} Nd4 {[%emt 0:00:04]} 48. Kh3 {[%emt 0:00:02]} Nb5 {[%emt 0:00:01]} 49. Ra1 {[%emt 0:00:02]} a3 {[%emt 0:00:01]} 50. Ra2 {[%emt 0:00:01]} Nc3 {[%emt 0:00:03]} 51. Rc2 {[%emt 0:00:02]} a2 {[%emt 0:00:02]} 52. Rxc3 {[%emt 0:00:01]} a1=Q {[%emt 0:00:03]} 53. Rc7+ {[%emt 0:00:01]} Kg8 {[%emt 0:00:02]} 54. Rc8+ {[%emt 0:00:01]} Kh7 {[%emt 0:00:01]} 55. Rc2 {[%emt 0:00:02]} Qh1+ {[%emt 0:00:05]} 56. Kg3 {[%emt 0:00:02]} Ra3+ {[%emt 0:00:04]} 57. Kf4 {[%emt 0:00:03]} Qf3# {[%emt 0:00:01] (Lag: Av=0.76s, max=1.9s)} 0-1

[Event "Stay Safe Play From Home 330"]
[Site "Mustafa Kemal Atatürk"]
[Date "2020.07.24"]
[Round "4"]
[White "Arimurakami"]
[Black "New ton"]
[Result "0-1"]
[WhiteElo "1139"]
[BlackElo "1123"]
[Annotator "NA"]
[PlyCount "40"]
[EventDate "2020.07.24"]
[EventType "swiss (blitz)"]

1. e4 {[%emt 0:00:05]} d5 {[%emt 0:00:00]} 2. f3 {[%emt 0:00:09]} dxe4 {[%emt 0:00:02]} 3. fxe4 {[%emt 0:00:01]} Nf6 {[%emt 0:00:02]} 4. Nc3 {[%emt 0:00:03]} Bg4 {[%emt 0:00:01]} 5. Nf3 {[%emt 0:00:07]} Nc6 {[%emt 0:00:02]} 6. h3 {[%emt 0:00:12]} Bh5 {[%emt 0:00:02]} 7. g4 {[%emt 0:00:03]} Bg6 {[%emt 0:00:04]} 8. d4 {[%emt 0:00:10]} e6 {[%emt 0:00:12]} 9. e5 {[%emt 0:00:15]} Nd5 {[%emt 0:00:05]} 10. Be2 {[%emt 0:00:36]} Nxc3 {[%emt 0:00:04]} 11. bxc3 {[%emt 0:00:03]} Qd5 {[%emt 0:00:08]} 12. O-O {[%emt 0:00:17]} Qa5 {[%emt 0:00:04]} 13. Bd2 {[%emt 0:00:08]} O-O-O {[%emt 0:00:08]} 14. c4 {[%emt 0:00:03]} Qb6 {[%emt 0:00:07]} 15. c5 {[%emt 0:00:02]} Qb2 {[%emt 0:00:06]} 16. Rb1 {[%emt 0:00:04]} Qxa2 {[%emt 0:00:05]} 17. Ng5 {[%emt 0:00:35]} Rd7 {[%emt 0:00:10]} 18. Ra1 {[%emt 0:00:03]} Qb2 {[%emt 0:00:11]} 19. c4 {[%emt 0:00:14]} Qxd4+ {[%emt 0:00:07]} 20. Be3 {[%emt 0:00:13]} Qxe3+ {[%emt 0:00:07] Arimurakami resigns} 0-1

[Event "Stay Safe Play From Home 330"]
[Site "Mustafa Kemal Atatürk"]
[Date "2020.07.24"]
[Round "5"]
[White "SelamiSahin"]
[Black "Haxhi Baha"]
[Result "1-0"]
[WhiteElo "2110"]
[BlackElo "2023"]
[Annotator "TA"]
[PlyCount "103"]
[EventDate "2020.07.24"]
[EventType "swiss (blitz)"]

{[%evp 11,102,21,30,1,1,8,31,-19,-10,-36,-20,-33,-26,-50,-53,-38,-50,-54,-45,-64,-60,-62,-60,-67,-50,-67,-45,-64,-63,-180,-38,-78,-23,-31,-10,-156,0,0,0,-378,0,-5,0,-38,-14,-77,-66,-141,-53,-321,-266,-491,-150,-149,393,883,1160,1182,1300,1251,2766,996,1031,1001,29984,841,825,827,927,770,729,689,901,891,1451,1443,1372,1383,2745,1881,5589,5210,2621,2118,29987,29988,29988,29989,29989,29990,29998,29999,29999]} 1. d4 d5 2. c4 e5 3. e3 exd4 4. exd4 c6 5. Nc3 Nf6 6. Nf3 Bd6 7. cxd5 {C01: French: Exchange Variation.} cxd5 8. Bd3 h6 9. Qc2 {White is slightly better.} Nc6 10. a3 {[#]} Bg4 $146 ({Predecessor:} 10... O-O 11. O-O Bg4 12. Be3 Bxf3 13. gxf3 Qc7 14. Kg2 Bxh2 15. Rh1 Bf4 16. Rag1 Bxe3 17. fxe3 {0-1 (32) Grguric,D (2006)-Tomac,V (1690) Croatia 2010}) 11. Be3 O-O 12. Be2 Re8 13. O-O Rc8 14. h3 Bh5 15. Qa4 a6 16. Rfe1 Bb8 17. Nh2 Bxe2 18. Rxe2 Qd6 (18... b5 {with more complications.} 19. Qd1 Na5 20. Bd2 Nc4 21. Rxe8+ Qxe8 22. Qc2 Ne4) 19. Nf3 Ne4 20. Qb3 {[#]} (20. Ree1 $15) 20... Nxc3 (20... Ng5 $1 $19 {[%cal Rg5f3][%mdl 512] ( -> ...Nxf3+)} 21. Ne5 (21. Bxg5 $2 Nxd4 {[%mdl 64] Double Attack} 22. Rxe8+ Rxe8 $19) 21... Ne6 22. Qxb7 {[%mdl 64] Double Attack} (22. Nf3 $2 Nexd4 23. Bxd4 Nxd4 $19) 22... Nxe5 23. dxe5 Qxe5) 21. bxc3 b5 (21... Qd7 $17) 22. a4 b4 23. cxb4 {[#]} (23. Rb1 $11 {remains equal.}) 23... Nxb4 $2 (23... Nxd4 $1 $17 {[%mdl 512]} 24. Bxd4 Rxe2) 24. a5 Rc4 25. Ne5 $2 {[%mdl 8192]} (25. Rae1 $11 {and White has nothing to worry.}) 25... f6 $2 (25... Rxe5 $1 $19 26. Bf4 {[%mdl 64] Pin} Rxe2 {[%mdl 64] Discovered Attack} 27. Bxd6 Bxd6) 26. Nf3 $1 $11 Rec8 27. g3 Nc2 28. Rf1 (28. Ra2 $11 Rc3 29. Qb7) 28... Rc3 29. Qb6 (29. Qb7 $15) 29... R8c6 (29... Qd7 $17 30. Rc1 {[#]} Bxg3 $1 {[%mdl 512]} 31. Rexc2 Rxc2 32. Rxc2 Rxc2 33. fxg3 Qxh3 34. Qb8+ Kh7) 30. Qb7 $2 {[%mdl 8192]} ({White has to play} 30. Qb1 $1 $15 Ba7 31. Nh4) 30... Nxe3 $19 31. fxe3 $2 (31. Rb1 Bc7 32. Rbe1) 31... Qxg3+ $2 (31... Rc2 $19 {and Black stays clearly on top.} 32. Ne5 fxe5 33. Rxc2 Rxc2 34. Qf7+ Kh7 35. Qf5+ Qg6) 32. Rg2 $17 Qxg2+ $4 {[%mdl 8192]} (32... Qc7 $17 33. Qxc7 Bxc7) 33. Kxg2 $18 Bc7 34. Qc8+ Kf7 35. Qd7+ Kf8 36. Qxd5 Rd6 37. Qa8+ Kf7 38. Re1 (38. Ne5+ $142 Ke7 39. Qg8 Rc2+ 40. Kg1 Bb8 41. Qxg7+ Ke8 42. Rb1 Rc1+ 43. Rxc1) 38... Bxa5 39. Re2 Bc7 40. Qa7 a5 41. Kf2 g5 42. Nd2 Rdc6 43. Ne4 Rc1 44. Nc5 Kg6 45. Qb7 Rb6 46. Qxc7 Rbb1 47. Kf3 f5 48. Qd6+ {White mates.} Kh5 49. Ne6 Rf1+ 50. Rf2 Rh1 51. Ng7+ {[%mdl 64] Double Attack} Kh4 52. Qg3# {Accuracy: White = 45%, Black = 40%.} 1-0

[Event "Stay Safe Play From Home 330"]
[Site "Mustafa Kemal Atatürk"]
[Date "2020.07.24"]
[Round "5"]
[White "Lazieri3"]
[Black "BrainThinker22"]
[Result "0-1"]
[WhiteElo "2068"]
[BlackElo "2130"]
[Annotator "NA"]
[PlyCount "152"]
[EventDate "2020.07.24"]
[EventType "swiss (blitz)"]

1. e4 {[%emt 0:00:01]} c6 {[%emt 0:00:02]} 2. Nc3 {[%emt 0:00:14]} d5 {[%emt 0:00:00]} 3. exd5 {[%emt 0:00:01]} cxd5 {[%emt 0:00:01]} 4. d4 {[%emt 0:00:02]} Nc6 {[%emt 0:00:01]} 5. Nf3 {[%emt 0:00:00]} Nf6 {[%emt 0:00:02]} 6. Bf4 {[%emt 0:00:01]} a6 {[%emt 0:00:02]} 7. Bd3 {[%emt 0:00:02]} Bg4 {[%emt 0:00:02]} 8. h3 {[%emt 0:00:02]} Bh5 {[%emt 0:00:01]} 9. g4 {[%emt 0:00:05]} Bg6 {[%emt 0:00:01]} 10. Ne2 {[%emt 0:00:01]} e6 {[%emt 0:00:03]} 11. c3 {[%emt 0:00:01]} Bd6 {[%emt 0:00:02]} 12. Bxd6 {[%emt 0:00:01]} Qxd6 {[%emt 0:00:01]} 13. Bxg6 {[%emt 0:00:00]} hxg6 {[%emt 0:00:01]} 14. g5 {[%emt 0:00:44]} Ne4 {[%emt 0:00:05]} 15. h4 {[%emt 0:00:03]} O-O-O {[%emt 0:00:09]} 16. Qc1 {[%emt 0:00:05]} e5 {[%emt 0:00:33]} 17. dxe5 {[%emt 0:00:11]} Nxe5 {[%emt 0:00:00]} 18. Nxe5 {[%emt 0:00:01]} Qxe5 {[%emt 0:00:00]} 19. Qf4 {[%emt 0:00:04]} Rde8 {[%emt 0:00:31]} 20. O-O-O {[%emt 0:00:26]} Qxf4+ {[%emt 0:00:12]} 21. Nxf4 {[%emt 0:00:02]} Nxf2 {[%emt 0:00:00]} 22. Nxd5 {[%emt 0:00:03]} Nxh1 {[%emt 0:00:52]} 23. Rxh1 {[%emt 0:00:03]} Re4 {[%emt 0:00:01]} 24. Rf1 {[%emt 0:00:11]} Rhxh4 {[%emt 0:00:07]} 25. Kc2 {[%emt 0:00:04]} Re5 {[%emt 0:00:16]} 26. Nb4 {[%emt 0:00:09]} Rf5 {[%emt 0:00:17]} 27. Re1 {[%emt 0:00:01]} Kd7 {[%emt 0:00:12]} 28. Rd1+ {[%emt 0:00:05]} Ke6 {[%emt 0:00:06]} 29. Rd8 {[%emt 0:00:15]} Rxg5 {[%emt 0:00:04]} 30. Rb8 {[%emt 0:00:02]} a5 {[%emt 0:00:05]} 31. Nd3 {[%emt 0:00:03]} Rh2+ {[%emt 0:00:01]} 32. Kb3 {[%emt 0:00:02]} b5 {[%emt 0:00:03]} 33. a4 {[%emt 0:00:14]} bxa4+ {[%emt 0:00:01]} 34. Kxa4 {[%emt 0:00:01]} Rh4+ {[%emt 0:00:02]} 35. Kb3 {[%emt 0:00:02]} f5 {[%emt 0:00:05]} 36. Rb6+ {[%emt 0:00:05]} Kd5 {[%emt 0:00:06]} 37. Rb5+ {[%emt 0:00:06]} Ke4 {[%emt 0:00:00]} 38. Nc5+ {[%emt 0:00:01]} Ke3 {[%emt 0:00:01]} 39. Ne6 {[%emt 0:00:08]} Rg2 {[%emt 0:00:03]} 40. Re5+ {[%emt 0:00:05]} Kf3 {[%emt 0:00:01]} 41. Nd4+ {[%emt 0:00:04]} Rxd4 {[%emt 0:00:05]} 42. cxd4 {[%emt 0:00:00]} Kf4 {[%emt 0:00:01]} 43. Rxa5 {[%emt 0:00:02]} Rd2 {[%emt 0:00:01]} 44. Kc3 {[%emt 0:00:01]} Rd1 {[%emt 0:00:01]} 45. b4 {[%emt 0:00:03]} g5 {[%emt 0:00:01]} 46. b5 {[%emt 0:00:01]} g4 {[%emt 0:00:01]} 47. b6 {[%emt 0:00:01]} Rb1 {[%emt 0:00:01]} 48. Ra6 {[%emt 0:00:07]} g3 {[%emt 0:00:01]} 49. Ra7 {[%emt 0:00:03]} Rxb6 {[%emt 0:00:03]} 50. Rxg7 {[%emt 0:00:02]} Rc6+ {[%emt 0:00:04]} 51. Kd3 {[%emt 0:00:01]} Kf3 {[%emt 0:00:01]} 52. d5 {[%emt 0:00:01]} Rd6 {[%emt 0:00:01]} 53. Kd4 {[%emt 0:00:01]} f4 {[%emt 0:00:03]} 54. Ke5 {[%emt 0:00:01]} Rd8 {[%emt 0:00:01]} 55. d6 {[%emt 0:00:10]} Rxd6 {[%emt 0:00:07]} 56. Rf7 {[%emt 0:00:05]} Rd1 {[%emt 0:00:04]} 57. Rxf4+ {[%emt 0:00:01]} Ke3 {[%emt 0:00:01]} 58. Rg4 {[%emt 0:00:06]} Kf2 {[%emt 0:00:03]} 59. Rf4+ {[%emt 0:00:01]} Kg1 {[%emt 0:00:01]} 60. Ke4 {[%emt 0:00:06]} g2 {[%emt 0:00:01]} 61. Ke3 {[%emt 0:00:00]} Rf1 {[%emt 0:00:02]} 62. Rh4 {[%emt 0:00:03]} Rf8 {[%emt 0:00:01]} 63. Ra4 {[%emt 0:00:09]} Kh2 {[%emt 0:00:04]} 64. Ra2 {[%emt 0:00:08]} Kh1 {[%emt 0:00:01]} 65. Ra1+ {[%emt 0:00:05]} g1=Q+ {[%emt 0:00:00]} 66. Rxg1+ {[%emt 0:00:00]} Kxg1 {[%emt 0:00:00]} 67. Ke2 {[%emt 0:00:01]} Rf2+ {[%emt 0:00:01]} 68. Ke3 {[%emt 0:00:00]} Kg2 {[%emt 0:00:00]} 69. Kd3 {[%emt 0:00:00]} Kf3 {[%emt 0:00:01]} 70. Kd4 {[%emt 0:00:01]} Re2 {[%emt 0:00:01]} 71. Kd3 {[%emt 0:00:01]} Re4 {[%emt 0:00:01]} 72. Kc3 {[%emt 0:00:01]} Ke3 {[%emt 0:00:01]} 73. Kc2 {[%emt 0:00:01]} Rd4 {[%emt 0:00:01]} 74. Kb3 {[%emt 0:00:00]} Kd3 {[%emt 0:00:01]} 75. Kb2 {[%emt 0:00:01]} Rc4 {[%emt 0:00:01]} 76. Kb3 {[%emt 0:00:00]} Kd4 {[%emt 0:00:00] Lazieri3 resigns (Lag: Av=0.72s, max=1.3s)} 0-1

[Event "Stay Safe Play From Home 330"]
[Site "Mustafa Kemal Atatürk"]
[Date "2020.07.24"]
[Round "5"]
[White "Schachwerk_64"]
[Black "Ionelluca"]
[Result "0-1"]
[WhiteElo "1886"]
[BlackElo "1984"]
[Annotator "NA"]
[PlyCount "52"]
[EventDate "2020.07.24"]
[EventType "swiss (blitz)"]

1. e4 {[%emt 0:00:01]} d6 {[%emt 0:00:03]} 2. d4 {[%emt 0:00:01]} Nf6 {[%emt 0:00:00]} 3. Nc3 {[%emt 0:00:01]} c6 {[%emt 0:00:01]} 4. Be3 {[%emt 0:00:05]} Ng4 {[%emt 0:00:02]} 5. Bg5 {[%emt 0:00:03]} Qb6 {[%emt 0:00:02]} 6. Rb1 {[%emt 0:00:23]} e5 {[%emt 0:00:02]} 7. h3 {[%emt 0:00:06]} exd4 {[%emt 0:00:03]} 8. hxg4 {[%emt 0:00:01]} dxc3 {[%emt 0:00:02]} 9. bxc3 {[%emt 0:00:01]} Qa5 {[%emt 0:00:01]} 10. Bd3 {[%emt 0:00:19]} Qxg5 {[%emt 0:00:03]} 11. Nf3 {[%emt 0:00:12]} Qxg4 {[%emt 0:00:02]} 12. Rh4 {[%emt 0:00:08]} Qxg2 {[%emt 0:00:06]} 13. e5 {[%emt 0:00:18]} Be7 {[%emt 0:00:05]} 14. Rf4 {[%emt 0:00:08]} Qh1+ {[%emt 0:00:05]} 15. Ke2 {[%emt 0:00:02]} Qxd1+ {[%emt 0:00:02]} 16. Rxd1 {[%emt 0:00:00]} dxe5 {[%emt 0:00:05]} 17. Nxe5 {[%emt 0:00:01]} Be6 {[%emt 0:00:09]} 18. Rg1 {[%emt 0:00:05]} g6 {[%emt 0:00:13]} 19. Kd1 {[%emt 0:00:20]} Nd7 {[%emt 0:00:01]} 20. Ng4 {[%emt 0:00:07]} f5 {[%emt 0:00:07]} 21. Ne3 {[%emt 0:00:03]} Bd6 {[%emt 0:00:06]} 22. Ra4 {[%emt 0:00:02]} Nc5 {[%emt 0:00:03]} 23. Rh4 {[%emt 0:00:03]} O-O-O {[%emt 0:00:02]} 24. Re1 {[%emt 0:00:08]} Ne4 {[%emt 0:00:01]} 25. f3 {[%emt 0:00:31]} Nxc3+ {[%emt 0:00:05]} 26. Kc1 {[%emt 0:00:05]} Bg3 {[%emt 0:00:03] Schachwerk_64 gibt auf (Lag: Av=0.49s, max=0.9s)} 0-1

[Event "Stay Safe Play From Home 330"]
[Site "Mustafa Kemal Atatürk"]
[Date "2020.07.24"]
[Round "5"]
[White "Timbre"]
[Black "Kongle"]
[Result "1-0"]
[WhiteElo "1645"]
[BlackElo "1632"]
[Annotator "NA"]
[PlyCount "85"]
[EventDate "2020.07.24"]
[EventType "swiss (blitz)"]

1. d4 {[%emt 0:00:02]} Nf6 {[%emt 0:00:08]} 2. Nf3 {[%emt 0:00:01]} g6 {[%emt 0:00:03]} 3. c3 {[%emt 0:00:01]} Bg7 {[%emt 0:00:02]} 4. Bf4 {[%emt 0:00:01]} O-O {[%emt 0:00:02]} 5. e3 {[%emt 0:00:01]} d6 {[%emt 0:00:01]} 6. Be2 {[%emt 0:00:02]} Nbd7 {[%emt 0:00:02]} 7. Nbd2 {[%emt 0:00:01]} Re8 {[%emt 0:00:01]} 8. O-O {[%emt 0:00:03]} e5 {[%emt 0:00:01]} 9. dxe5 {[%emt 0:00:01]} dxe5 {[%emt 0:00:01]} 10. Bg3 {[%emt 0:00:01]} Nh5 {[%emt 0:00:02]} 11. Qc2 {[%emt 0:00:03]} Nxg3 {[%emt 0:00:01]} 12. hxg3 {[%emt 0:00:02]} f5 {[%emt 0:00:02]} 13. Rad1 {[%emt 0:00:03]} Qe7 {[%emt 0:00:04]} 14. Nb3 {[%emt 0:00:03]} e4 {[%emt 0:00:06]} 15. Nfd4 {[%emt 0:00:02]} a6 {[%emt 0:00:06]} 16. a3 {[%emt 0:00:13]} Ne5 {[%emt 0:00:03]} 17. Nd2 {[%emt 0:00:02]} b5 {[%emt 0:00:06]} 18. c4 {[%emt 0:00:03]} bxc4 {[%emt 0:00:15]} 19. Nxc4 {[%emt 0:00:03]} Nxc4 {[%emt 0:00:25]} 20. Bxc4+ {[%emt 0:00:05]} Kh8 {[%emt 0:00:01]} 21. Qe2 {[%emt 0:00:11]} Be5 {[%emt 0:00:07]} 22. Nc6 {[%emt 0:00:03]} Qf6 {[%emt 0:00:06]} 23. Nxe5 {[%emt 0:00:03]} Qxe5 {[%emt 0:00:08]} 24. Rd5 {[%emt 0:00:06]} Qf6 {[%emt 0:00:07]} 25. Rfd1 {[%emt 0:00:02]} Rb8 {[%emt 0:00:05]} 26. b4 {[%emt 0:00:07]} Be6 {[%emt 0:00:09]} 27. Rc5 {[%emt 0:00:03]} Bxc4 {[%emt 0:00:02]} 28. Qxc4 {[%emt 0:00:02]} Rbd8 {[%emt 0:00:07]} 29. Rxd8 {[%emt 0:00:06]} Rxd8 {[%emt 0:00:01]} 30. Rxc7 {[%emt 0:00:12]} Rd1+ {[%emt 0:00:04]} 31. Kh2 {[%emt 0:00:02]} Qa1 {[%emt 0:00:25]} 32. g4 {[%emt 0:00:40]} Rh1+ {[%emt 0:00:07]} 33. Kg3 {[%emt 0:00:03]} Qe5+ {[%emt 0:00:01]} 34. f4 {[%emt 0:00:04]} exf3+ {[%emt 0:00:01]} 35. Kxf3 {[%emt 0:00:05]} fxg4+ {[%emt 0:00:02]} 36. Ke2 {[%emt 0:00:18]} Qb2+ {[%emt 0:00:14]} 37. Qc2 {[%emt 0:00:03]} Qxa3 {[%emt 0:00:09]} 38. Rc8+ {[%emt 0:00:13]} Kg7 {[%emt 0:00:01]} 39. Qc7+ {[%emt 0:00:05]} Kh6 {[%emt 0:00:01]} 40. Qf4+ {[%emt 0:00:02]} Kh5 {[%emt 0:00:08]} 41. Rc5+ {[%emt 0:00:04]} Kh4 {[%emt 0:00:05]} 42. Qf2+ {[%emt 0:00:05]} g3 {[%emt 0:00:06]} 43. Qf4# {[%emt 0:00:04] (Lag: Av=0.46s, max=0.8s)} 1-0